Evaluación del Contenido de Micronutrientes y Macronutrientes, pH, Aniones y Cationes Presentes en el Suelo del Vertedero de Fantino / (Registro nro. 23669)

Detalles MARC
000 -LEADER
fixed length control field 03188nam a22002777a 4500
003 - CONTROL NUMBER IDENTIFIER
control field DO-CoUTE
005 - DATE AND TIME OF LATEST TRANSACTION
control field 20241118103609.0
008 - FIXED-LENGTH DATA ELEMENTS--GENERAL INFORMATION
fixed length control field 241118b dr ||||| |||| 00| 0 spa d
040 ## - CATALOGING SOURCE
Original cataloging agency DO-CoUTE
Language of cataloging spa
Transcribing agency DO-CoUTE
041 ## - LANGUAGE CODE
Language code of text/sound track or separate title spa
090 ## - LOCALLY ASSIGNED LC-TYPE CALL NUMBER (OCLC); LOCAL CALL NUMBER (RLIN)
Classification number (OCLC) (R) ; Classification number, CALL (RLIN) (NR) MQ 2024 V45
100 1# - MAIN ENTRY--PERSONAL NAME
Personal name Villanueva Tejada, Orlania Esther
Relator term sustentante
245 10 - TITLE STATEMENT
Title Evaluación del Contenido de Micronutrientes y Macronutrientes, pH, Aniones y Cationes Presentes en el Suelo del Vertedero de Fantino /
Statement of responsibility, etc. Orlania Esther Villanueva, Tejada Angelita Burgos López ; asesor, Miguel Morales Toyo
260 ## - PUBLICATION, DISTRIBUTION, ETC.
Place of publication, distribution, etc. Cotui, Repùblica Dominicana :
Name of publisher, distributor, etc. UTECO,
Date of publication, distribution, etc. 2024
300 ## - PHYSICAL DESCRIPTION
Extent 42 hojas :
Other physical details Tablas, fotografías ;
Dimensions 21x28cm,
Accompanying material + 1 CD-ROM
502 ## - DISSERTATION NOTE
Dissertation note Trabajo PostGrado ( Maestría de Química) Universidad Tecnológica del Cibao Oriental, 2024.<br/>
504 ## - BIBLIOGRAPHY, ETC. NOTE
Bibliography, etc. note Incluye referencia bibliográfica e índice.<br/><br/>
520 ## - SUMMARY, ETC.
Summary, etc. La acumulación de basuras en cualquier lugar que no haya sido correctamente habilitado <br/>trae consigo grandes peligros cuando no se gestionan correctamente, son una fuente de <br/>contaminantes del suelo, esto supone una contaminación localizada que pone en riesgo la calidad <br/>del suelo del vertedero. Este es uno de los recursos más importantes considerados para la vida, por <br/>lo que un suelo contaminado podría resultar incompatible con sus propiedades funcionales de uso.<br/>La metodología utilizada en este estudio fue de carácter no experimental, con un tipo de <br/>investigación analítica y descriptiva.<br/>El estudio se realizó en el vertedero de Fantino, donde se cavó un agujero de 30 a 50 cm <br/>de profundidad utilizando una pala y una cinta métrica para medir la profundidad, recolectadas en <br/>un balde limpio y luego en fundas Ziploc, los resultados arrojaron que el pH encontrado fue <br/>alcalino mientras que los aniones hallados fueron nitratos, sulfatos, cloruros, fosfatos y carbonatos. <br/>Los cationes fueron Na+, NH4, Mn+, y el Ni+. Los micronutrientes fueron B, Cu, Fe, Mo y Zn <br/>finalmente los macronutirntes encontrados fueron N total, P total, K, Ca y Mg. Se concluyó que<br/>los valores de pH encontrado tanto en la muestra número 1 y 2 se encuentran bajo los valores <br/>establecidos.<br/><br/>Mientras que el Ni presentó valores por encima de lo estipulado en la norma, evidenciando <br/>un exceso en sus valores, mientras que los demás aniones y cationes no se encuentran estipulados <br/>por la norma citada con anterioridad, en el caso del micronutriente B y Zn presentaron valores <br/>que se encuentran dentro del rango de normalidad mientras los macronutrientes no se encuentran <br/>dentro de la norma establecida para la investigación. Por lo que se recomienda al ministerio de <br/>medio ambiente establecer una normativa sobre la calidad ambiental del recurso suelo y criterios <br/>de remediación.
650 #4 - SUBJECT ADDED ENTRY--TOPICAL TERM
Source of heading or term Gestión de residuos solidos
700 1# - ADDED ENTRY--PERSONAL NAME
Personal name Orlania Esther Villanueva Tejada
Relator term sustentante
700 1# - ADDED ENTRY--PERSONAL NAME
Personal name Angelita Burgos López
Relator term sustentante
700 1# - ADDED ENTRY--PERSONAL NAME
Personal name Miguel Morales Toyo
Relator term asesor
830 ## - SERIES ADDED ENTRY--UNIFORM TITLE
Uniform title Tesis y disertaciones académicas (Universidad Tecnológica del Cibao Oriental)
856 ## - ELECTRONIC LOCATION AND ACCESS
Link text Haga Click Aquí para Descargar en Texto Completo
942 ## - ADDED ENTRY ELEMENTS (KOHA)
Source of classification or shelving scheme Dewey Decimal Classification
Koha item type Tesis
Existencias
Withdrawn status Lost status Source of classification or shelving scheme Damaged status Not for loan Collection code Home library Current library Shelving location Date acquired Inventory number Total Checkouts Full call number Barcode Date last seen Copy number Price effective from Koha item type
    Dewey Decimal Classification     e-Tesis (en CD) Biblioteca UTECO Biblioteca UTECO En Estantería 11/18/2024 23669   MQ 2024 V45 23669 11/18/2024 Ej1 11/18/2024 Tesis
© 2021 Derechos Reservados UTECO - Teléfono: +1 809-585-2291 - Correo electrónico: biblioteca@uteco.edu.do​  
Código postal 43000 ​​
Dirección: Avenida Universitaria No. 100, 
Cotuí, Provincia Sánchez Ramírez, República Dominicana - RNC: 404-00059-6